Loading...
| Literature - World | 4 | 1 | 0 | 1 | 70 | 26 | 67.60 | 3 | 4 | 29.88 | 44.44 |
| Literature - British | 2 | 4 | 0 | 0 | 70 | 39 | 79.00 | 1 | 6 | 29.28 | 42.22 |
| Literature - European | 3 | 2 | 0 | 2 | 65 | 33 | 58.00 | 3 | 5 | 32.02 | 46.67 |
| Literature - American | 3 | 1 | 0 | 1 | 55 | 35 | 60.50 | 4 | 4 | 23.93 | 40.00 |
| Visual Arts | 1 | 2 | 1 | 1 | 30 | 58 | 98.33 | 0 | 1 | 9.64 | 15.56 |
| Philosophy | 0 | 2 | 0 | 2 | 20 | 120 | 121.00 | 0 | 1 | 1.50 | 11.11 |
| Beliefs | 0 | 2 | 0 | 1 | 20 | 90 | 96.00 | 0 | 2 | 3.67 | 9.23 |
| Fine Arts - Other Arts | 0 | 1 | 0 | 0 | 10 | 70 | 70.00 | 0 | 1 | 4.81 | 6.00 |
| Science - Other | 0 | 1 | 0 | 0 | 10 | 113 | 113.00 | 0 | 0 | 1.38 | 4.44 |
| Social Science | 0 | 1 | 0 | 0 | 10 | 84 | 84.00 | 1 | 1 | 2.08 | 6.67 |
| History - World | 0 | 0 | 1 | 0 | -5 | 0.00 | 0 | 0 | 0.00 | 0.00 | |
| History - American | 0 | 0 | 1 | 0 | -5 | 0.00 | 0 | 0 | 0.00 | 0.00 |